East London Green Grid Framework (Record no. 107916)

MARC details
000 -LEADER
fixed length control field 01314cad a22002415a 4500
001 - CONTROL NUMBER
control field L142557
008 - FIXED-LENGTH DATA ELEMENTS--GENERAL INFORMATION
fixed length control field 080222s2008 xxkb f 000 0 eng d
020 ## - INTERNATIONAL STANDARD BOOK NUMBER
International Standard Book Number 9781847811196
035 ## - SYSTEM CONTROL NUMBER
System control number (Sirsi) u142557
041 0# - LANGUAGE CODE
Language code of text/sound track or separate title eng
050 04 - LIBRARY OF CONGRESS CALL NUMBER
Classification number 711.558 $2 18
110 1# - MAIN ENTRY--CORPORATE NAME
Corporate name or jurisdiction name as entry element London
Subordinate unit Greater London Authority
9 (RLIN) 3989
245 00 - TITLE STATEMENT
Title East London Green Grid Framework
Remainder of title London Plan (consolidated with alterations since 2004), supplementary planning guidance
Medium [electronic resource]
260 ## - PUBLICATION, DISTRIBUTION, ETC.
Place of publication, distribution, etc. London
Name of publisher, distributor, etc. GLA
Date of publication, distribution, etc. 2008
520 ## - SUMMARY, ETC.
Summary, etc. Provides guidance on the implementation of policies outlined in the London Plan (L125752). Explains the concept of the Green Grid, the green infrastructure plan for East London. Defines the vision and spatial framework of the plan. Outlines perceived deficiencies in the provision of public spaces and access to nature sites. Identifies strategic open space opportunities and the range of functions and benefits.
521 2# - TARGET AUDIENCE NOTE
Target audience note Advanced
590 ## - LOCAL NOTE (RLIN)
Local note KA
651 #4 - SUBJECT ADDED ENTRY--GEOGRAPHIC NAME
Geographic name London
690 ## - LOCAL SUBJECT ADDED ENTRY--TOPICAL TERM (OCLC, RLIN)
Topical term or geographic name as entry element ENVIRONMENTAL AND LAND CONSULTANCY-PLANNING AND DEVELOPMENT-PLANNING GUIDANCE
690 ## - LOCAL SUBJECT ADDED ENTRY--TOPICAL TERM (OCLC, RLIN)
Topical term or geographic name as entry element PROPERTY-PROPERTY MANAGEMENT-REGENERATION
856 40 - ELECTRONIC LOCATION AND ACCESS
Uniform Resource Identifier <a href="https://legacy.london.gov.uk/mayor/strategies/sds/docs/spg-east-lon-green-grid-08.pdf">https://legacy.london.gov.uk/mayor/strategies/sds/docs/spg-east-lon-green-grid-08.pdf</a>
Public note View the item free of charge at www.london.gov.uk...
942 ## - ADDED ENTRY ELEMENTS (KOHA)
Suppress in OPAC 0
Holdings
Withdrawn status Lost status Source of classification or shelving scheme Damaged status Not for loan Home library Current library Shelving location Date acquired Total Checkouts Full call number Barcode Date last seen Copy number Price effective from Koha item type
    Dewey Decimal Classification     Virtual Virtual Online 22/02/2008   ONLINE PUBLICATION 142557-1001 06/08/2019 1 06/08/2019 Book